| 000 | 01959nam a22003257a 4500 | ||
|---|---|---|---|
| 003 | OSt | ||
| 005 | 20260416134808.0 | ||
| 008 | 260415t2017 xxu||||| |||| 00| 0 eng d | ||
| 020 | _a9783319424125 | ||
| 020 | _a9783319424101 | ||
| 040 |
_aUnicoc _bspa _c00001 _d00001 |
||
| 082 | _a617.634 | ||
| 100 |
_912951 _aChugal, Nadia |
||
| 245 |
_aEndodontic Prognosis _b: Clinical guide for optimal treatment outcome _c/ Nadia Chugal, Louis M. Lin |
||
| 250 | _a1 Ed. | ||
| 260 |
_aSuiza : _bSpringer , _c2017 |
||
| 300 |
_a250 páginas _b Ilustraciones |
||
| 500 | _aIncluye Índice y referencias bibliográficas | ||
| 505 |
_t1. Introduction: endodontic prognosis and outcome. -- _t2. Microbiology and immunology of endodontic infections. -- _t3. Diagnosis of pulpal and periradicular disease. -- _t4. Endodontic treatment of mature teeth. -- _t5. Regenerative approaches in endodontic therapies of immature teeth. -- _t6. Endodontic pharmacotherapeutics. -- _t7. Anatomy, access, and length determination. -- _t8. Instrumentation and disinfection of root canals. -- _t9. Obturation of root canals. -- _t10. Restoration of endodontically treated teeth. -- _t11. Local, systemic, and genetic considerations of endodontic treatment prognosis. -- _t12, Criteria for outcome assessment of nonsurgical endodontic treatment. -- _t13. From tooth retention through root canal treatment to extraction and replacement. |
||
| 526 | _5Unicoc | ||
| 546 | _aEspañol | ||
| 650 | 0 |
_912954 _aDiagnóstico endodoncia |
|
| 650 | 0 |
_912953 _aPronóstico endodóncico |
|
| 650 | 0 |
_99851 _aEnfermedades de la pulpa dental |
|
| 650 | 0 |
_9506 _aTratamiento endodóncico |
|
| 658 | 0 |
_98071 _aEspecialización en Endodoncia |
|
| 700 |
_912952 _aLin, Louis M. |
||
| 856 |
_uhttps://unicoceduco-my.sharepoint.com/:b:/g/personal/direccionbiblioteca_unicoc_edu_co/IQCn2y9BlW3FSJK1GAmz2ieJAYVPA-yb61QQsIXcv8E435k _yAcceso online exclusivo para comunidad Unicoc |
||
| 942 |
_2ddc _cEBOOK |
||
| 999 |
_c10852 _d10852 |
||